000 00696nam 22002053 4500
001 201358
090 _a201358
100 _a20260317d u||y0pory50 ba
200 _aCategorias da narrativa
_fFrançoise Van Rossum-Guyon, Philippe Hamon, Danièle Sallenave
_gtradução Cabral Martins
210 _aLisboa
_cVega
_d[19--?]
215 _a167 p.
_cbrochado
_d21 cm
225 _aVega Universidade
_h28
606 _93661
_aCrítica Literária.Estudos Literários
675 _a82.09
_vPT
_zpor
700 _916879
_aRossum-Guyon
_bFrançoise van
_f1932-
701 _916881
_aHamon
_bPhilippe
_f1940-
701 _916779
_aSallenave
_bDanièle
_f1940-
801 _aPT
_bBMMN
_gRPC
830 _cVanda
990 _cLIVROS